Rooftop rents. Mobile phone aerial sites: an independent survey of property owners' negotiations with mobile phone companies (Record no. 100844)

MARC details
000 -LEADER
fixed length control field 00683cam a2200217 4500
001 - CONTROL NUMBER
control field J108703
008 - FIXED-LENGTH DATA ELEMENTS--GENERAL INFORMATION
fixed length control field 000000n2000 000 0 eng u
035 ## - SYSTEM CONTROL NUMBER
System control number (Sirsi) u108703
050 ## - LIBRARY OF CONGRESS CALL NUMBER
Classification number 346.410994
110 ## - MAIN ENTRY--CORPORATE NAME
Corporate name or jurisdiction name as entry element Nabarro Nathanson
9 (RLIN) 3048
245 ## - TITLE STATEMENT
Title Rooftop rents. Mobile phone aerial sites: an independent survey of property owners' negotiations with mobile phone companies
260 ## - PUBLICATION, DISTRIBUTION, ETC.
Place of publication, distribution, etc. London
Name of publisher, distributor, etc. Nabarro Nathanson
Date of publication, distribution, etc. 2000
300 ## - PHYSICAL DESCRIPTION
Extent 11p. ; 30cm.
650 ## - SUBJECT ADDED ENTRY--TOPICAL TERM
Topical term or geographic name entry element MOBILE PHONE MASTS
650 ## - SUBJECT ADDED ENTRY--TOPICAL TERM
Topical term or geographic name entry element TELECOMMUNICATION MASTS
650 ## - SUBJECT ADDED ENTRY--TOPICAL TERM
Topical term or geographic name entry element TELEPHONE MASTS
650 ## - SUBJECT ADDED ENTRY--TOPICAL TERM
Topical term or geographic name entry element TELECOMMUNICATIONS ACT 1984
650 ## - SUBJECT ADDED ENTRY--TOPICAL TERM
Topical term or geographic name entry element RENTS
690 ## - LOCAL SUBJECT ADDED ENTRY--TOPICAL TERM (OCLC, RLIN)
Topical term or geographic name as entry element TRANSPORT AND COMMUNICATIONS
942 ## - ADDED ENTRY ELEMENTS (KOHA)
Suppress in OPAC 0
Holdings
Withdrawn status Lost status Source of classification or shelving scheme Damaged status Not for loan Home library Current library Shelving location Date acquired Total Checkouts Full call number Barcode Date last seen Date last checked out Copy number Price effective from Koha item type
    Dewey Decimal Classification     London London Basement 09/10/2000 3 BASEMENT 30062345 06/08/2019 10/01/2003 1 06/08/2019 Book